Countries Judas Priest has Visited - Statistics

General Stats
  • This quiz has been taken 20 times
  • The average score is 27 of 30
Answer Stats
Continent Country % Correct
South America Brazil
100%
Europe Finland
100%
Europe Norway
100%
Europe Spain
100%
Europe Sweden
100%
Europe United Kingdom
100%
South America Argentina
94%
South America Canada
94%
South America Chile
94%
Europe Denmark
94%
Europe Germany
94%
Europe Greece
94%
Europe Italy
94%
North America Mexico
94%
Europe Poland
94%
Europe Romania
94%
North America United States of America
94%
Europe Bulgaria
89%
Europe Czech Republic
89%
Europe France
89%
Europe Hungary
89%
Europe Netherlands
89%
Europe Slovakia
89%
Europe Austria
83%
Europe Belgium
83%
South America Colombia
83%
Europe Estonia
78%
Europe Luxembourg
78%
Europe Slovenia
78%
Europe Switzerland
78%
No matching quizzes found
Score Distribution
Percent of People with Each Score
Percentile by Number Answered
Your Score History
You have not taken this quiz